000 01218nam a22003257a 4500
999 _c2245
_d2245
003 AR-CdUCM
008 190304b ||||| |||| 00| 0 spa d
040 _aMUNICIPALIDAD PROVINCIAL DEL CUSCO
_cBIBLIOTECA MUNICIPAL DEL CUSCO
082 _a982.06 /
_bF31
100 _aFayt, Carlos S.
_92616
245 _aLa naturaleza del peronismo /
260 _aBuenos Aires :
_bViracocha S.A. Editores-Libreros,
_c1967.
300 _a415 páginas ;
_c19.5 cm.
440 _aEstudios Sociales
_98079
505 _aContenido: El ejército: factor crucial -- Entre bastidores -- La explosión social -- El poder de las masas -- Interpretaciones -- Confrontaciones ...
650 _aPeronismo - Historia - Argentina
_98080
650 _aPerón
_98081
650 _aPeronismo - Causas
_98082
650 _aEnsayos - Peronismo
_98083
650 _aAspectos políticos - Argentina
_98084
650 _aSiglos XVII-XVIII
_98085
650 _aJuan Domingo Perón
_98086
700 _aAngeleri, Luis
_98087
700 _aGrunfeld, José
_98088
700 _aTaccone, Antonio
_98089
700 _aFerrer, Aldo
_98090
700 _aSabsay, Fernando ... y otros.
_98091
942 _2ddc
_cLIBROS
945 _alccs
_d2019-03-04